Generalist and the specialists: the problem of inter-relations (Record no. 501176)

000 -LEADER
fixed length control field 00460cam a22001457a 4500
008 - FIXED-LENGTH DATA ELEMENTS--GENERAL INFORMATION
fixed length control field 180718b1980 xxu||||| |||| 00| 0 eng d
082 ## - DEWEY DECIMAL CLASSIFICATION NUMBER
Classification number APPPA 79-80 MAJ
100 ## - MAIN ENTRY--PERSONAL NAME
Personal name Majumdar, D.P.
245 ## - TITLE STATEMENT
Title Generalist and the specialists: the problem of inter-relations
Statement of responsibility, etc. by D.P. Majumdar
260 ## - PUBLICATION, DISTRIBUTION, ETC.
Place of publication, distribution, etc. New Delhi
Name of publisher, distributor, etc. Indian Institute of Public Administration
Date of publication, distribution, etc. 1980
300 ## - PHYSICAL DESCRIPTION
Extent 97p.
650 ## - SUBJECT ADDED ENTRY--TOPICAL TERM
Topical term or geographic name entry element Problem-Inter-relations
650 ## - SUBJECT ADDED ENTRY--TOPICAL TERM
Topical term or geographic name entry element Specialists
650 ## - SUBJECT ADDED ENTRY--TOPICAL TERM
Topical term or geographic name entry element Generalist
Holdings
Withdrawn status Lost status Damaged status Not for loan Permanent Location Current Location Date acquired Full call number Barcode Date last seen Price effective from Koha item type
        Indian Institute of Public Administration Indian Institute of Public Administration 2018-08-04 APPPA 79-80 MAJ GR10733 2018-08-04 2018-08-04 GR

Powered by Koha